| 000 | 00590nam a2200193 a 4500 | ||
|---|---|---|---|
| 003 | OSt | ||
| 005 | 20140311163001.0 | ||
| 008 | 020819s19uu xx 00 eng d | ||
| 020 | _a9780071203944 | ||
| 050 |
_aHD 58.7 _b.D36 2002 |
||
| 100 |
_aNewstrom, John W. _930635 |
||
| 245 |
_aOrganizational behavior: human behavior at work / _cJohn W. Newstrom. |
||
| 260 |
_aPhilippines : _bMcGraw-Hilll Companies Inc., _c2002. |
||
| 300 |
_a534 p. : _bill. ; _c25 cm. |
||
| 650 |
_aOrganizational behavior _916607 |
||
| 650 |
_aIndustrial sociology _921283 |
||
| 942 |
_cBK _2lcc |
||
| 999 |
_c39212 _d39212 |
||